C++ : How to program (Record no. 202697)

MARC details
000 -LEADER
fixed length control field 00413nam a2200169Ia 4500
008 - FIXED-LENGTH DATA ELEMENTS--GENERAL INFORMATION
fixed length control field 231221s9999 xx 000 0 und d
041 ## - LANGUAGE CODE
Language code of text/sound track or separate title English
082 ## - DEWEY DECIMAL CLASSIFICATION NUMBER
Classification number 001.6424C DEI;
100 ## - MAIN ENTRY--PERSONAL NAME
Personal name Deitel, H M. Deitel, P J.
245 #0 - TITLE STATEMENT
Title C++ : How to program
250 ## - EDITION STATEMENT
Edition statement 4th ed.
260 ## - PUBLICATION, DISTRIBUTION, ETC.
Date of publication, distribution, etc. 2003
Name of publisher, distributor, etc. Pearson Education,
Place of publication, distribution, etc. Delhi
300 ## - PHYSICAL DESCRIPTION
Extent Lix+1321
300 ## - PHYSICAL DESCRIPTION
Dimensions 24681
650 ## - SUBJECT ADDED ENTRY--TOPICAL TERM
Topical term or geographic name entry element C++,:,program
942 ## - ADDED ENTRY ELEMENTS (KOHA)
Koha item type Compact Disks
Holdings
Date last seen Total checkouts Full call number Accession number Price effective from Category Lost status Damaged status Department Withdrawn status Home library Current library Shelving location Entry date Vendor Grants Billnumber Billdate Currency symbol Conversion rate Discount Old discount
26/01/2024   001.6424C DEI; CD935 26/01/2024 Compact Disks     Central Library   Central Library Central Library Central Library   Sai Books CS 234 10/09/2009 RS 1   15
26/01/2024   001.6424C DEI; CD1085 26/01/2024 Compact Disks     Central Library   Central Library Central Library Central Library   I K International CS 1955 09/09/2009 RS 1   20
26/01/2024   001.6424C DEI; CD1086 26/01/2024 Compact Disks     Central Library   Central Library Central Library Central Library   I K International CS 1955 09/09/2009 RS 1   20

© For any Suggestions or Query, please contact the library staff @ librarian@pes.edu or Phone: +9180 2672 1983/ 2108.